000 00492pab a2200169 454500
008 180718b2017 xxu||||| |||| 00| 0 eng d
100 _aWalelign, Solomon Zena et al
245 _aCombining household income and asset data to identify livelihood strategies and their dynamics
260 _c2017
300 _ap.769-787.
362 _aJun
650 _aRight to live in peace
650 _aIncome
650 _aHouseholds
773 _aJournal of Development Studies
909 _a114500
999 _c114494
_d114494